Statistiques concernant Les titres musicaux n°1 en France en 2015

Cliquez ici pour prendre le quiz!

Statistiques générales

  • Ce quiz a été pris 146 fois
  • Le résultat moyen est 11 sur 18

Statistiques - réponses

TitreInterprète% Correct
Sapés comme jamaisMaître Gims, Niska
94%
Uptown FunkMarck Ronson, Bruno Mars
94%
HelloAdèle
91%
AvenirLouane
80%
Lean onMajor Lazer, DJ Snake
80%
CheerleaderOMI
77%
En YJul
75%
AmnésiaJul
75%
HomelessMarina Kaye
65%
Take me to churchHozier
55%
Marvin GayeCharlie Puth, Meghan Trainor
52%
El PerdonNicky Jam, Enrique Iglesias
48%
Summer 2015L.E.J
40%
Drag me downOne Direction
39%
Earned itThe Weeknd
38%
Stole the showKygo, Parson James
36%
GoodbyeFeder, Lyse
13%
Stolen carMylène Farmer, Sting
13%

Distribution des résultats

Percentile par nombre de réponses

% des personnes avec chaque résultat

Votre développement - résultats

Vous n’avez pas pris ce quiz